Online
Catalog

Periodismo en tv / (Record no. 39729)

MARC details
000 -CABECERA
campo de control de longitud fija 00527nam a2200169 a 4500
001 - NÚMERO DE CONTROL
campo de control 000040239
005 - FECHA Y HORA DE LA ÚLTIMA TRANSACCIÓN
campo de control 20201002034014.0
008 - DATOS DE LONGITUD FIJA--INFORMACIÓN GENERAL
campo de control de longitud fija 130820s1973 ag a 000 0 spa d
040 ## - FUENTE DE LA CATALOGACIÓN
Centro catalogador/agencia de origen DO-SdBNP
Lengua de catalogación spa
Centro/agencia transcriptor BNPHU
082 ## - NÚMERO DE LA CLASIFICACIÓN DECIMAL DEWEY
Número de clasificación xxx
100 1# - ENTRADA PRINCIPAL--NOMBRE DE PERSONA
Nombre de persona Green, Maury
9 (RLIN) 66505
240 10 - TÍTULO UNIFORME
Título uniforme Television news
Lenguaje de la obra español
245 10 - MENCIÓN DE TÍTULO
Título Periodismo en tv /
Mención de responsabilidad, etc. Maury Green ; traducción Roberto Juan Walton.
260 ## - PUBLICACIÓN, DISTRIBUCIÓN, ETC.
Lugar de publicación, distribución, etc. Buenos Aires, Argentina :
Nombre del editor, distribuidor, etc. Troquel,
Fecha de publicación, distribución, etc. 1973.
300 ## - DESCRIPCIÓN FÍSICA
Extensión 415 p. :
Otras características físicas il., ;
Dimensiones 24 cm.
700 1# - PUNTO DE ACCESO ADICIONAL--NOMBRE DE PERSONA
Nombre de persona Walton, Roberto Juan,
Término indicativo de función/relación tr.
9 (RLIN) 49418
Holdings
Estado de retiro Estado de pérdida Restricciones de uso No para préstamo Código de colección Localización permanente Ubicación/localización actual Ubicación en estantería Fecha de adquisición Número de inventario Total de préstamos Signatura topográfica completa Código de barras Fecha visto por última vez Precio válido a partir de Tipo de ítem Koha
      Excluido de préstamo Monografías: Libros y Folletos General General En catalogación 20.08.2013 LF1   xxx 40239-10 25.06.2020 25.06.2020 No se presta

Powered by Koha